Etiqueta de registo: 00000nam 2200025 450
001 2006007
003 http://id.bnportugal.gov.pt/bib/catbnp/2006007
010 ## $a978-989-741-918-8
021 ## $aPT$b440473/18
100 ## $a20181121d2018 m y0pory01030103ba
101 0# $apor
102 ## $aPT
105 ## $ay z 000ay
106 ## $ar
200 1# $a1001 Coisas que nunca te disse$fCatarina Rodrigues
205 ## $a1ª ed
210 #9 $aAlfragide$cOficina do Livro,$d2018
215 ## $a284 p.$d24 cm
675 ## $a821.134.3-31"20"$vBN$zpor$31044234
700 #1 $aRodrigues,$bCatarina,$f1989-$31732620
801 #0 $aPT$bBN$gRPC
856 41 $uhttp://rnod.bnportugal.gov.pt/ImagesBN/winlibimg.aspx?skey=&doc=2006007&img=117048&save=true
900 ## $aBIBNAC$d20181129
966 ## $lBN$mFGMON$sL. 146092 V.$x1
966 ## $lBN$mFGMON$sL. 146092 V.-D$x1
Etiqueta de registo: 00000nam 2200025 450
001 2230118
003 http://id.bnportugal.gov.pt/bib/catbnp/2230118
010 ## $a978-989-581-387-2
021 ## $aPT$b542355/25
100 ## $a20251030d2025 m y0pory01030103ba
101 0# $apor
102 ## $aPT
105 ## $ay z 000ay
106 ## $ar
200 1# $aQuando o amor é para sempre$fCatarina Rodrigues
205 ## $a1ª ed
210 #9 $aAlfragide$cOficina do Livro,$d2025
215 ## $a367 p.$d24 cm
675 ## $a821.134.3-31"20"$vBN$zpor$31044234
700 #1 $aRodrigues,$bCatarina,$f1989-$31732620
801 #0 $aPT$bBN$gRPC
856 41 $uhttp://rnod.bnportugal.gov.pt/ImagesBN/winlibimg.aspx?skey=&doc=2230118&img=215239&save=true
900 ## $aBIBNAC$d20251121
966 ## $lBN$mFGMON$sL. 179177 V.$x1
966 ## $lBN$mFGMON$sL. 179177 V.-D$x1
971 ## $corlando$d20251030
972 ## $e0$z0$d20251121$vlrevez
973 ## $cacosta$d20251113